|
|
|
|
| LEADER |
00000cam a2200000 7i4500 |
| 001 |
0000001627 |
| 005 |
20220105103923.0 |
| 008 |
070706 |
| 020 |
|
|
|a 0746054068
|
| 090 |
0 |
0 |
|a JP
|b AD ENG
|
| 100 |
1 |
|
|a Rawson, Christopher
|
| 245 |
1 |
0 |
|a Stories of princes and princesses
|c Christopher Rawson
|
| 260 |
|
|
|a London :
|b Usborne Publishing ,
|c 2004
|
| 440 |
|
0 |
|a Usborne young reading
|
| 500 |
|
|
|a Children age 4-6 years old (yellow)
|
| 650 |
|
0 |
|a Fairy tale
|
| 650 |
|
0 |
|a Junior preschool
|x English
|x Languages
|
| 710 |
0 |
|
|a Title
|
| 999 |
|
|
|a 0000896178
|b Book
|c Children Collection
|e Cawangan Segamat
|
| 999 |
|
|
|a 0000896181
|b Book
|c Children Collection
|e Cawangan Bandar Penawar
|
| 999 |
|
|
|a 0000896183
|b Book
|c Children Collection
|e Cawangan Pontian
|
| 999 |
|
|
|a 0000962430
|b Book
|c Children Collection
|e Perbadanan Perpustakaan Awam Johor
|
| 999 |
|
|
|a 0000964883
|b Book
|c Children Collection
|e Perbadanan Perpustakaan Awam Johor
|
| 999 |
|
|
|a 0000964885
|b Book
|c Children Collection
|e Perbadanan Perpustakaan Awam Johor
|
| 999 |
|
|
|a 0001147261
|b Book
|c Children Collection
|e Cawangan Bandar Penawar
|
| 999 |
|
|
|a 0001147262
|b Book
|c Children Collection
|e Cawangan Tmn. Ungku Tun Aminah
|
| 999 |
|
|
|a 0001147265
|b Book
|c Children Collection
|e Cawangan Tmn. Ungku Tun Aminah
|